European Capitals to Country - Map Click Quiz - Statistics

General Stats
  • This quiz has been taken 105 times
  • The average score is 35 of 45
Answers on the Map
Answers color-coded by a green-red scale on the quiz's map according to % correct below.
 
Answer Stats
Answer % Correct
Dublin
89%
Helsinki
89%
Moscow
89%
Oslo
89%
Rome
89%
Berlin
87%
Kyiv
87%
Lisbon
87%
London
87%
Madrid
87%
Athens
85%
Paris
85%
Reykjavík
85%
Stockholm
83%
Vienna
83%
Warsaw
83%
Amsterdam
80%
Andorra la Vella
80%
Copenhagen
80%
Monaco
80%
Prague
80%
Bern
78%
Brussels
78%
Riga
78%
San Marino
78%
Sofia
78%
Tallinn
78%
Tirana
78%
Bucharest
76%
Minsk
76%
Bratislava
74%
Valletta
74%
Vilnius
74%
Zagreb
74%
Luxembourg
72%
Sarajevo
72%
Vatican City
72%
Belgrade
70%
Budapest
70%
Ljubljana
67%
Skopje
67%
Pristina
63%
Chișinău
61%
Vaduz
61%
Podgorica
52%
No matching quizzes found
Score Distribution
Percent of People with Each Score
Percentile by Number Answered
Your Score History
You have not taken this quiz